000
00237nam a22000857a 4500
008
160706b xxu||||| |||| 00| 0 eng d
100
_9
2359
_a
Nandlal Dayaram
245
_a
Iteract in English Main Course Book
260
_a
Delhi
_b
Nandlal Dayaram
999
_c
2036
_d
2036